Stratégie marketing, reklama, online a médiá

Uložené v:
Podrobná bibliografia
Médium: Seriál
Jazyk:Slovak
Vydavateľské údaje: Bratislava Strategie na Slovensku 1999
Predmet:
Tagy: Pridať tag
Žiadne tagy, Buďte prvý, kto otaguje tento záznam!

MARC

LEADER 00000nas2a2200000 4500
001 s123872
005 20221220131441.4
022 |a 1335-2016 
041 0 |a slo 
044 |a SK 
245 1 0 |a Stratégie  |b marketing, reklama, online a médiá 
264 1 |a Bratislava  |b Strategie na Slovensku  |c 1999 
300 |a 2 zv.  |e 9 príl., 1 CD-ROM 
773 0 |w eu_un_cat*s121017 
610 2 0 |a stratégia marketingová 
610 2 0 |a marketing 
610 2 0 |a reklama 
610 2 0 |a prostriedky masovokomunikačné